[Event "EU-ch Amateurs U2000"]
[Site "Mali Losinj"]
[Date "2024.08.27"]
[Round "3"]
[White "Lycaon, Xavier"]
[Black "Lovrinic, Vlatko"]
[Result "1-0"]
[WhiteElo "1976"]
[BlackElo "1843"]
[PlyCount "123"]
[EventDate "2024.08.25"]
[EventType "swiss"]
[EventRounds "9"]
[EventCountry "CRO"]
[SourceTitle "EXT 2025"]
[Source "ChessBase"]
[SourceDate "2024.10.14"]
[SourceVersion "1"]
[SourceVersionDate "2024.10.14"]
[SourceQuality "1"]

1. e4 e5 2. Nf3 Nc6 3. Bb5 a6 4. Ba4 Nf6 5. 0-0 Be7 6. Re1 b5 7. Bb3 d6 8. c3 0-0 9. h3 Na5 10. Bc2 c5 11. d3 Nc6 12. Nbd2 Re8 13. Nf1 Bf8 14. Ng3 g6 15. Be3 Qc7 16. a4 Bd7 17. Rc1 Rab8 18. axb5 axb5 19. Bb3 Be6 20. Bxe6 Rxe6 21. d4 Ree8 22. d5 Ne7 23. Nh2 Bg7 24. Qf3 Kh8 25. Bg5 Neg8 26. h4 h6 27. Bd2 Qd7 28. h5 Rf8 29. Ra1 Ra8 30. Qe2 g5 31. Nf5 Ne7 32. Ng3 Rfb8 33. Nhf1 Bf8 34. Ne3 Kh7 35. Qf3 Bg7 36. Nef5 Nxf5 37. Nxf5 Rd8 38. g3 Rdb8 39. Kg2 Qd8 40. Rh1 Kg8 41. b4 c4 42. Ra5 Rxa5 43. bxa5 Ra8 44. Ra1 Ra6 45. Be3 Kh7 46. Bb6 Qd7 47. Rb1 Ng8 48. Rxb5 Qxb5 49. Nxd6 Qd7 50. Nxc4 f6 51. d6 Bf8 52. Qd3 Ra8 53. Qd5 Ra6 54. Bc7 Bxd6 55. Bxd6 Rc6 56. Qb5 Qc8 57. Nb6 Qb7 58. Bc5 Qc7 59. Nd5 Qc8 60. Bb6 Qb7 61. a6 Qa8 62. c4 1-0

[Event "EU-ch Amateurs U2000"]
[Site "Mali Losinj"]
[Date "2024.08.25"]
[Round "1"]
[White "Ciccia, Giuseppemattia"]
[Black "Lovrinic, Vlatko"]
[Result "1/2-1/2"]
[WhiteElo "1710"]
[BlackElo "1843"]
[PlyCount "79"]
[EventDate "2024.08.25"]
[EventType "swiss"]
[EventRounds "9"]
[EventCountry "CRO"]
[SourceTitle "EXT 2025"]
[Source "ChessBase"]
[SourceDate "2024.10.14"]
[SourceVersion "1"]
[SourceVersionDate "2024.10.14"]
[SourceQuality "1"]

1. e4 e5 2. Nf3 Nc6 3. d4 exd4 4. Bc4 Nf6 5. e5 Ng4 6. 0-0 Be7 7. Re1 d6 8. e6 Bxe6 9. Bxe6 fxe6 10. Nxd4 Nxd4 11. Qxd4 Nf6 12. Rxe6 0-0 13. Nc3 Qd7 14. Re1 d5 15. Bg5 c6 16. Qe5 Rae8 17. Qe6+ Qxe6 18. Rxe6 Bc5 19. Rxe8 Rxe8 20. Kf1 Kf7 21. Re1 Rxe1+ 22. Kxe1 h6 23. Bf4 g5 24. Bb8 Ng4 25. Bg3 Bb4 26. Ke2 Bxc3 27. bxc3 Ke6 28. Kd3 Nf6 29. f3 Nd7 30. c4 Nb6 31. cxd5+ Nxd5 32. a3 b5 33. c4 Nf4+ 34. Bxf4 gxf4 35. g4 a5 36. cxb5 cxb5 37. h4 Kd5 38. Kc3 Kc5 39. Kd3 Kd5 40. Kc3 1/2-1/2

[Event "Vrsar op"]
[Site "Vrsar"]
[Date "2023.04.30"]
[Round "8"]
[White "Lovrinic, Vlatko"]
[Black "Kien, James"]
[Result "0-1"]
[WhiteElo "1788"]
[BlackElo "1732"]
[PlyCount "68"]
[EventDate "2023.04.25"]
[EventType "swiss"]
[EventRounds "9"]
[EventCountry "CRO"]
[SourceTitle "CBM 214 Extra"]
[Source "ChessBase"]
[SourceDate "2023.07.31"]
[SourceVersion "1"]
[SourceVersionDate "2023.07.31"]
[SourceQuality "1"]

1. d4 d5 2. Bf4 Nf6 3. e3 e6 4. Nf3 c5 5. c3 Nc6 6. Nbd2 h6 7. Bd3 Nh5 8. Bg3 Nxg3 9. hxg3 cxd4 10. exd4 Bd6 11. Qe2 Bd7 12. Ne5 Nxe5 13. dxe5 Be7 14. Qg4 Bf8 15. 0-0-0 Qc7 16. Nf3 0-0-0 17. Kb1 Kb8 18. Rc1 Bc6 19. c4 Qb6 20. Nd4 g6 21. Nxc6+ Qxc6 22. cxd5 Qxd5 23. Rc3 Qxe5 24. Qf3 Bg7 25. Rb3 Rd7 26. Be4 b6 27. Ba8 Qf5+ 28. Qxf5 exf5 29. Bf3 Rd2 30. Re1 Bf6 31. Kc1 Rxf2 32. Rd3 Rc8+ 33. Kd1 Bxb2 34. Rd7 Rc1# 0-1

[Event "Vrsar op"]
[Site "Vrsar"]
[Date "2023.04.27"]
[Round "3"]
[White "Wittmann, Paul"]
[Black "Lovrinic, Vlatko"]
[Result "0-1"]
[WhiteElo "1600"]
[BlackElo "1788"]
[PlyCount "58"]
[EventDate "2023.04.25"]
[EventType "swiss"]
[EventRounds "9"]
[EventCountry "CRO"]
[SourceTitle "CBM 214 Extra"]
[Source "ChessBase"]
[SourceDate "2023.07.31"]
[SourceVersion "1"]
[SourceVersionDate "2023.07.31"]
[SourceQuality "1"]

1. e4 e5 2. Nf3 Nc6 3. d4 exd4 4. Nxd4 Nf6 5. Nxc6 bxc6 6. e5 Qe7 7. Qe2 Nd5 8. c4 Nb6 9. Nc3 Qe6 10. g3 Bb4 11. Bd2 0-0 12. b3 Re8 13. a3 Bf8 14. f4 a5 15. 0-0-0 Bxa3+ 16. Kc2 Ba6 17. Ra1 Bf8 18. Bg2 d5 19. cxd5 Nxd5 20. Qf3 Nb4+ 21. Kb2 Red8 22. Rhd1 Rab8 23. Rab1 Bd3 24. Ne4 a4 25. Bxb4 Rxb4 26. Ka1 Bxe4 27. Qe2 Rxd1 28. Rxd1 Bxg2 29. Qxg2 Qxb3 0-1

[Event "Vrsar op"]
[Site "Vrsar"]
[Date "2023.04.26"]
[Round "2"]
[White "Lovrinic, Vlatko"]
[Black "Bozovic, Tatjana"]
[Result "1/2-1/2"]
[WhiteElo "1788"]
[BlackElo "1387"]
[PlyCount "83"]
[EventDate "2023.04.25"]
[EventType "swiss"]
[EventRounds "9"]
[EventCountry "CRO"]
[SourceTitle "CBM 214 Extra"]
[Source "ChessBase"]
[SourceDate "2023.07.31"]
[SourceVersion "1"]
[SourceVersionDate "2023.07.31"]
[SourceQuality "1"]

1. e4 e5 2. Nf3 Nc6 3. d4 exd4 4. Bc4 d6 5. Nxd4 Bd7 6. Nc3 Nf6 7. Bg5 h6 8. Bh4 g5 9. Bg3 Qe7 10. f3 a6 11. Qd2 0-0-0 12. 0-0-0 Bg7 13. Bf2 h5 14. Be3 Nh7 15. Kb1 Bxd4 16. Bxd4 Nxd4 17. Qxd4 Kb8 18. Nd5 Qe8 19. Qc3 Bc6 20. Qb3 Bxd5 21. Rxd5 Qc6 22. Rhd1 f6 23. R5d3 Nf8 24. Bd5 Qb5 25. Qa3 Qc5 26. Qa4 Nd7 27. Rc3 Nb6 28. Qb3 Qb5 29. Qxb5 axb5 30. Rb3 c6 31. Be6 Kc7 32. Rbd3 Rhe8 33. Bf7 Rh8 34. R3d2 h4 35. Rf2 Ra8 36. f4 Rh7 37. Be6 Re8 38. Bg4 Rg7 39. fxg5 fxg5 40. Bf5 Nc4 41. Kc1 b6 42. b3 1/2-1/2

[Event "EU-ch Amateur U2000"]
[Site "Zagreb"]
[Date "2022.08.16"]
[Round "3"]
[White "Tomazin, Marjan"]
[Black "Lovrinic, Vlatko"]
[Result "1/2-1/2"]
[WhiteElo "1944"]
[BlackElo "1800"]
[PlyCount "135"]
[EventDate "2022.08.14"]
[EventType "swiss"]
[EventRounds "9"]
[EventCountry "CRO"]
[SourceTitle "CBM 210 Extra"]
[Source "ChessBase"]
[SourceDate "2022.11.30"]
[SourceVersion "1"]
[SourceVersionDate "2022.11.30"]
[SourceQuality "1"]

1. e4 e5 2. Bc4 Nf6 3. Qe2 Nc6 4. c3 Be7 5. Nf3 0-0 6. 0-0 d6 7. d4 Bg4 8. Rd1 Qc8 9. a4 h6 10. Na3 exd4 11. cxd4 Re8 12. Nb5 Bf8 13. Nc3 Bf5 14. e5 Bg4 15. Ne4 Nxe4 16. Qxe4 dxe5 17. Re1 exd4 18. Qxe8 Qxe8 19. Rxe8 Rxe8 20. Bf4 Bxf3 21. gxf3 Ne5 22. Bxe5 Rxe5 23. Rd1 c5 24. Kg2 Bd6 25. h3 Kf8 26. Kf1 Rh5 27. Kg2 Re5 28. Kf1 Re8 29. Ra1 Rb8 30. a5 b5 31. axb6 axb6 32. Ra7 Be7 33. Bb5 Bf6 34. b3 Bg5 35. Bc4 Be7 36. Bb5 Bh4 37. Bc4 b5 38. Bxf7 Rd8 39. f4 d3 40. Bh5 c4 41. bxc4 bxc4 42. Rf7+ Kg8 43. Rc7 Rd4 44. Bf7+ Kf8 45. Rxc4 Bf6 46. Rxd4 Bxd4 47. Bg6 d2 48. Ke2 Bc3 49. h4 Ke7 50. h5 Kf6 51. f3 Bb4 52. Kd1 Ke6 53. Ke2 Kd5 54. Be4+ Kd4 55. Bg6 Kc3 56. Kd1 Bd6 57. Ke2 Bxf4 58. Kd1 Kd4 59. Ke2 Ke5 60. Kd1 Be3 61. Ke2 Kd4 62. Kd1 Kc3 63. Ke2 Bc5 64. Kd1 Bb4 65. Ke2 Kd4 66. Be8 Ke5 67. Bg6 Kf4 68. Be8 1/2-1/2

[Event "Osijek op 12th"]
[Site "Osijek"]
[Date "2019.02.23"]
[Round "6.30"]
[White "Lovrinic, Vlatko"]
[Black "Horvat, Denis"]
[Result "1-0"]
[WhiteElo "1743"]
[BlackElo "1592"]
[PlyCount "111"]
[EventDate "2019.02.21"]
[EventType "swiss"]
[EventRounds "7"]
[EventCountry "CRO"]
[SourceTitle "EXT 2023"]
[Source "ChessBase"]
[SourceDate "2022.10.05"]
[SourceVersion "1"]
[SourceVersionDate "2022.10.05"]
[SourceQuality "1"]

1. d4 f5 2. Bf4 Nf6 3. e3 g6 4. h4 d6 5. h5 c6 6. hxg6 Qa5+ 7. c3 h5 8. Nf3 Nbd7 9. Qb3 Nd5 10. Nbd2 b5 11. Be2 N7f6 12. Ng5 Ng4 13. Bxg4 fxg4 14. e4 Nxf4 15. Qf7+ Kd7 16. Qxf4 Bg7 17. Qf5+ Kc7 18. Qf7 Bf6 19. g7 Bxg7 20. Qxg7 Bd7 21. Qf7 b4 22. Rxh5 Rxh5 23. Qxh5 Kb7 24. Nb3 Qb5 25. Kd2 Rg8 26. d5 bxc3+ 27. bxc3 cxd5 28. Nh7 dxe4 29. Qxb5+ Bxb5 30. Nd4 Bc4 31. Ke3 e5 32. Nc2 Rg7 33. Nf6 g3 34. fxg3 Rxg3+ 35. Kf2 Rxc3 36. Rb1+ Kc8 37. Rb2 d5 38. Ne3 d4 39. Nxc4 Rxc4 40. Nxe4 Kc7 41. Ke2 Rc6 42. Kd3 Rc1 43. Rc2+ Rxc2 44. Kxc2 Kc6 45. Kd3 Kd5 46. g4 Ke6 47. Nf2 a5 48. Ke4 Kf6 49. Nd3 Kg5 50. Nxe5 d3 51. Nxd3 Kxg4 52. a4 Kg5 53. Ke5 Kg6 54. Nc5 Kf7 55. Kd6 Ke8 56. Kc7 1-0

[Event "Krapina op 9th"]
[Site "Krapina"]
[Date "2019.01.20"]
[Round "6"]
[White "Hamer, Ivan"]
[Black "Lovrinic, Vlatko"]
[Result "1-0"]
[WhiteElo "2029"]
[BlackElo "1751"]
[PlyCount "73"]
[EventDate "2019.01.17"]
[EventType "swiss"]
[EventRounds "7"]
[EventCountry "CRO"]
[SourceTitle "CBM 188 Extra"]
[Source "ChessBase"]
[SourceDate "2019.02.28"]
[SourceVersion "1"]
[SourceVersionDate "2019.02.28"]
[SourceQuality "1"]

1. d4 d5 2. Nf3 Nf6 3. c4 c6 4. cxd5 cxd5 5. Bf4 e6 6. Nc3 a6 7. e3 Bd6 8. Bd3 0-0 9. 0-0 Nc6 10. Rc1 Qe7 11. Ne5 Bd7 12. Bb1 Ne8 13. Na4 Bxe5 14. dxe5 f5 15. exf6 Nxf6 16. Nb6 Rad8 17. Bc7 Rde8 18. e4 Bc8 19. Bg3 Nxe4 20. Bxe4 dxe4 21. Bd6 Qf6 22. Bxf8 Rxf8 23. Qe2 e5 24. Nxc8 Rxc8 25. Qxe4 Rd8 26. Rfd1 Rxd1+ 27. Rxd1 Qe7 28. Qd5+ Kh8 29. Qd7 Qf8 30. Qxb7 Nd4 31. Qxa6 h6 32. Rc1 Kh7 33. Qd3+ Kh8 34. h3 Kg8 35. Re1 Qf6 36. Qe4 Nc6 37. b4 1-0

[Event "Krapina op 9th"]
[Site "Krapina"]
[Date "2019.01.19"]
[Round "5"]
[White "Lovrinic, Vlatko"]
[Black "Veverec, Ivo"]
[Result "1-0"]
[WhiteElo "1751"]
[BlackElo "1754"]
[PlyCount "67"]
[EventDate "2019.01.17"]
[EventType "swiss"]
[EventRounds "7"]
[EventCountry "CRO"]
[SourceTitle "CBM 188 Extra"]
[Source "ChessBase"]
[SourceDate "2019.02.28"]
[SourceVersion "1"]
[SourceVersionDate "2019.02.28"]
[SourceQuality "1"]

1. d4 d5 2. Bf4 Nf6 3. e3 e6 4. Nf3 Bd6 5. Bg3 0-0 6. c3 b6 7. Nbd2 c6 8. Bd3 Re8 9. e4 dxe4 10. Nxe4 Be7 11. Ne5 Bb7 12. Nxf6+ Bxf6 13. Qh5 g6 14. Qe2 Nd7 15. 0-0-0 Nxe5 16. dxe5 Bg7 17. h4 Qe7 18. h5 Bh6+ 19. Kb1 g5 20. Qe4 f5 21. exf6 Qf7 22. Be5 c5 23. Qe2 Bxg2 24. Rh2 Qb7 25. Rxg2 Qxg2 26. Be4 Qh3 27. f7+ Kxf7 28. Rd7+ Re7 29. Rxe7+ Kxe7 30. Bxa8 g4 31. Qd1 Bg5 32. Bc6 Kf7 33. Qd7+ Be7 34. Qe8# 1-0

[Event "Bjelovar op"]
[Site "Bjelovar"]
[Date "2018.08.02"]
[Round "1"]
[White "Lovrinic, Vlatko"]
[Black "Sale, Srdjan"]
[Result "0-1"]
[WhiteElo "1717"]
[BlackElo "2427"]
[PlyCount "124"]
[EventDate "2018.08.02"]
[EventType "swiss"]
[EventRounds "7"]
[EventCountry "CRO"]
[SourceTitle "CBM 185 Extra"]
[Source "ChessBase"]
[SourceDate "2018.07.29"]
[SourceVersion "1"]
[SourceVersionDate "2018.07.29"]
[SourceQuality "1"]

1. d4 g6 2. Bf4 Bg7 3. e3 d6 4. Nf3 Nd7 5. Bc4 Ngf6 6. h3 c5 7. c3 0-0 8. Nbd2 a6 9. 0-0 b5 10. Bd3 Bb7 11. Re1 e5 12. dxe5 dxe5 13. Bxe5 Nxe5 14. Nxe5 Nh5 15. Ndf3 Re8 16. Ng4 f5 17. Ngh2 f4 18. Bf1 Qc7 19. exf4 Nxf4 20. Qc2 Rf8 21. g3 Nd5 22. Bg2 Nb6 23. Re2 Rae8 24. Rae1 Rxe2 25. Qxe2 Na4 26. Ng5 Bxg2 27. Kxg2 Qc6+ 28. f3 Qd5 29. Qe6+ Qxe6 30. Nxe6 Re8 31. Re4 c4 32. Nxg7 Rxe4 33. fxe4 Kxg7 34. Kf3 Nxb2 35. Ke2 Nd3 36. a3 Kf6 37. Nf3 Nc5 38. Ke3 Ne6 39. Nd4 Ng5 40. h4 Nf7 41. Nf3 Ne5 42. Nd4 h6 43. Nc2 Ke6 44. Nb4 a5 45. Nd5 Kd6 46. Nf6 Kc5 47. Ng8 b4 48. cxb4+ axb4 49. axb4+ Kxb4 50. Nf6 c3 51. Nd5+ Kb3 52. Nxc3 Kxc3 53. Kf4 Kd4 54. h5 gxh5 55. Kf5 Ng4 56. Kg6 Kxe4 57. Kxh5 Kf5 58. Kh4 Nf6 59. Kh3 Kg5 60. Kh2 Kg4 61. Kg2 h5 62. Kh2 Ne4 0-1